00479nam a22001577a 450000500170000001000150001702000280003203500140006003700130007408200100008710000190009724500400011626000350015627001060019130000240029720210303174422.0 aENG-129135 c195.00a9789-38667-7471 aEN-112667 bDBAD/PUB a650.1 aHill, Napolean aThink and Grow Rich/cNapolean Hill aNew Delhic2018bManakin Press bNew DelhiaB-300, Okhla Industrial Area, Phase-I e110020k91-11-45328300mpublisher@manakinpress.com avi+241p.c22cm(pbk)